| 000 | 00000nam 2200000zi 4500 |
| 001 | 9.908027 |
| 003 | CaOODSP |
| 005 | 20221107181540 |
| 006 | m o d f |
| 007 | cr |n||||||||| |
| 008 | 220211s2021 onca o f000 0 eng d |
| 040 | |aCaOODSP|beng|erda|cCaOODSP |
| 043 | |an-cn--- |
| 086 | 1 |aM144-254/2021E-PDF |
| 245 | 10|aEnerGuide labelling instructions for appliances and room air conditioners, 2021. |
| 264 | 1|a[Ottawa] : |bNatural Resources Canada = Ressources naturelles Canada, |c[2021] |
| 300 | |a1 online resource (22 pages) : |billustrations |
| 336 | |atext|btxt|2rdacontent |
| 337 | |acomputer|bc|2rdamedia |
| 338 | |aonline resource|bcr|2rdacarrier |
| 500 | |aTitle from cover. |
| 500 | |aIssued also in French under title: Directives concernant l'étiquetage ÉnerGuide pour appareils ménagers et climatiseurs individuels, 2021. |
| 650 | 0|aEnergy labeling|zCanada. |
| 650 | 0|aHousehold appliances, Electric|xLabeling|zCanada. |
| 650 | 0|aHousehold appliances, Electric|xEnergy consumption|zCanada. |
| 710 | 1 |aCanada. |bNatural Resources Canada, |eissuing body. |
| 775 | 08|tDirectives concernant l'étiquetage ÉnerGuide pour appareils ménagers et climatiseurs individuels, 2021.|w(CaOODSP)9.908030 |
| 856 | 40|qPDF|s3.65 MB|uhttps://publications.gc.ca/collections/collection_2022/rncan-nrcan/M144-254-2021-eng.pdf |